000 00495nam a2200097Ia 4500
008 170517s9999 xx 000 0 und d
245 _aFiefdom of Speech
300 _aThe right to freedom of expression is recognized as a human right under Article 19 of the Universal Declaration of Human Rights and recognized in international human rights law in the International Covenant on Civil and Political Rights. Article...
650 _xMedia.
856 _uhttp://topdocumentaryfilms.com/fiefdom-speech/
999 _c333530
_d333530